[Event "Hilversum op-B"]
[Site "Hilversum"]
[Date "2010.06.30"]
[Round "5"]
[White "Froberg, Gert Jan"]
[Black "Weverling, Ferry"]
[Result "1/2-1/2"]
[WhiteElo "1670"]
[BlackElo "1817"]
[PlyCount "69"]
[EventDate "2010.06.26"]
[EventType "swiss"]
[EventRounds "9"]
[EventCountry "NED"]
[SourceTitle "CBM 137 Extra"]
[Source "ChessBase"]
[SourceDate "2010.09.01"]
[SourceVersion "1"]
[SourceVersionDate "2010.09.01"]
[SourceQuality "1"]

1. e4 e5 2. Nf3 d6 3. d4 exd4 4. Nxd4 Nf6 5. Nc3 Be7 6. Bd3 0-0 7. h3 a6 8. a4 c5 9. Nf3 Nc6 10. 0-0 h6 11. Re1 Be6 12. b3 Nb4 13. Bf1 d5 14. exd5 Nbxd5 15. Nxd5 Nxd5 16. c4 Nb4 17. Bd2 Nc6 18. Bc3 a5 19. Qc2 Bf6 20. Rad1 Qe7 21. Ne5 Bxe5 22. Bxe5 Qg5 23. f4 Qh4 24. Bd6 Nd4 25. Qc3 Rfc8 26. Bxc5 Nxb3 27. Bf2 Qxf4 28. Qxb3 Qg5 29. Re3 Qe7 30. Re5 Bxc4 31. Bxc4 Qxe5 32. Bxf7+ Kh8 33. Bd4 Qf4 34. Be3 Qe5 35. Bd4 1/2-1/2